000 01503cam a22003251i 4500
003 SA-RiAUC
005 20241202141356.0
008 241104s2004 su g 000 0 ara c
020 _a9776052444
040 _aSA-RiIMS
_bara
_cSA-RiAUC
_erda
082 0 4 _a251.6
090 _a251.6 م ر ي
_bم ر ي
100 1 _aالمريني، الجيلالي
_eمؤلف.
245 1 2 _aالقواعد الأصولية وتطبيقاتها الفقهية عند ابن قدامة في كتابه المغني /
_cالجيلالي المريني.
250 _aالطبعة الأولى.
264 1 _aالرياض :
_aالقاهرة :
_bدار ابن القيم للنشر والتوزيع ؛
_bدار ابن عفان،
_c2004
300 _a2 مجلد ؛
_c24 سم.
336 _aنص
_btxt
_2rdacontent
_3كتاب
337 _aبدون وسيط
_bn
_2rdamedia
338 _aمجلد
_bnc
_2rdacarrier
490 0 _aرسائل جامعية
650 7 _aالقواعد الفقهية
_2aucsh
650 7 _aالفقه الحنبلي
_2aucsh
700 1 2 _aابن قدامة، عبد الله بن أحمد،
_d541-620 هجري
_tالمغني على مختصر الخرقي.
700 1 2 _aالخرقي، عمر بن الحسين بن عبد الله،
_dتوفي 334 هجري
740 2 2 _aالمغني على مختصر الخرقي.
740 0 2 _aمختصر الخرقي على مذهب الإمام المبجل أحمد بن حنبل.
942 _2ddc
_cBOOK
_n0
949 _aSA-JeALM
_d241104
_ueid123
_n1
999 _c2041
_d2041